Hide and Seek - Countries #8 - Statistics

General Stats
  • This quiz has been taken 18 times
  • The average score is 5 of 6
Answer Stats
Answer % Correct
Australia
94%
New Zealand
94%
Fiji
82%
United Kingdom
82%
All their flags depict the Union Jack.
59%
Tuvalu
59%
No matching quizzes found
Score Distribution
Percent of People with Each Score
Percentile by Number Answered
Your Score History
You have not taken this quiz